| 000 | 00699nam a22002297a 4500 | ||
|---|---|---|---|
| 999 |
_c14839 _d14839 |
||
| 003 | AR-CdUCM | ||
| 008 | 190424b ||||| |||| 00| 0 epa d | ||
| 020 | _a978-84-9101-230-6 | ||
| 040 |
_aMUNICIPALIDAD PROVINCIAL DEL CUSCO _cBIBLIOTECA MUNICIPAL DEL CUSCO |
||
| 082 |
_aPI / 808.06 / _bC76 |
||
| 100 |
_aCopons, Jaume _933642 |
||
| 245 | _aVito, el cerdito / | ||
| 260 |
_aBarcelona : _bCombel, _c2017. |
||
| 300 |
_bIlustraciones, _c20 cm. |
||
| 500 | _aNo cuenta con numeración de pagina | ||
| 650 |
_aLiteratura infantil _9588 |
||
| 650 |
_aPrimera infancia _924660 |
||
| 650 |
_aCuentos _9217 |
||
| 700 |
_aRodriguez, Pedro _933770 |
||
| 942 |
_2ddc _cLIBROS |
||
| 945 |
_adavv _d24/04/2019 |
||